FOGYASZTÓVÉDELMI OKTATÁS A BUDAPESTI GAZDASÁGI EGYETEMEN CONSUMER PROTECTION EDUCATIONATTHE BUDAPEST BUSINESS SCHOOL

Bibliográfiai részletek
Szerző: Hámori Antal
Dokumentumtípus: Cikk
Megjelent: Budapesti Gazdasági Egyetem 2023
Sorozat:Multidiszciplináris Kihívások, Sokszínű Válaszok 2023 No. 1 különkiadás
Tárgyszavak:
mtmt:https://doi.org/10.33565/MKSV.2023.KSZ.01.02
Kulcsszavak:Fogyasztóvédelem
Oktatás
Budapesti Gazdasági Egyetem
Online Access:http://publikaciotar.uni-bge.hu/2529

MARC

LEADER 00000nab a2200000 i 4500
001 publ2529
005 20260306114843.0
008 260306s2023 hu o 000 zxx d
022 |a 2630-886X 
024 |a https://doi.org/10.33565/MKSV.2023.KSZ.01.02  |2 doi 
040 |a BGE Publikációtár Repozitórium  |b hun 
100 1 |a Hámori Antal 
245 1 0 |a FOGYASZTÓVÉDELMI OKTATÁS A BUDAPESTI GAZDASÁGI EGYETEMEN  |b CONSUMER PROTECTION EDUCATIONATTHE BUDAPEST BUSINESS SCHOOL  |c Hámori Antal  |h [elektronikus dokumentum] 
260 |a Budapesti Gazdasági Egyetem  |c 2023 
300 |a 39-65 
490 0 |a Multidiszciplináris Kihívások, Sokszínű Válaszok  |v 2023 No. 1 különkiadás 
520 3 |a A tanulmány – célkitűzését tekintve – fejlődéstörténeti megközelítésben, mintegy negyedévszázados áttekintéssel bemutatja a Budapesti Gazdasági Egyetem fogyasztóvédelmi jogi oktatásának, kutatásának főbb mozgatórugóit, állomásait, eredményeit, tantárgyait, tudományos publikációit, konferenciáit, következtetéseket, javaslatokat megfogalmazva lehetséges perspektíváit, különös tekintettel a 2022. évben létrejött Fogyasztóvédelmi Kutatócsoportra. Ezen időutazás keretében – a fogyasztóvédelem, a fogyasztóvédelmi oktatás, kutatás komplexitása, jelentősége, szerepe és aktualitása mellett – az intézményközi kapcsolódási pontok és a vonatkozó jogszabályváltozások is megjelennek. A kutatási kérdések, illetve hipotézisek, miszerint feltérképezhető(-e) (hellyel-közzel) teljeskörűen közel 25 év szóban forgó forrásanyaga, szakirodalma, van(-e) potenciál e tevékenységben és matériában, a kutatási módszerek alkalmazásának szemlélésén keresztül is megválaszolhatók. Eszerint, a reflexiók, a tantárgyfelelősi „interjú”, emlékezet, továbbá a meglévő releváns tantervek, tantárgyi programok, tematikák, leírások, iratok, jogszabályok, kormányhatározatok és egyéb aktusok, valamint szakirodalom utáni vizsgálódás, nyomozás és az elemzés, értékelés eredményeként igenlőnek mondhatók. Az eredmények között szerepel például a Fogyasztóvédelem, a Fogyasztóvédelmi jog, a Fogyasztóvédelem a vendéglátásban, az Etika és fogyasztóvédelem, a Fogyasztóvédelem és fogyasztáspszichológia nevű tantárgyak bevezetése, két karon, több szakon és valamennyi tagozaton, számos mű, köztük egyetemi tankönyvek megjelenése, konferenciák rendezése, illetőleg a Fogyasztóvédelmi Kutatócsoport létrejötte. 
650 4 |a közgazdaságtudományok 
695 |a Fogyasztóvédelem 
695 |a Oktatás 
695 |a Budapesti Gazdasági Egyetem 
856 4 0 |u https://publikaciotar.uni-bge.hu/id/eprint/2529/1/12079-Cikk%20sz%C3%B6veg-51414-2-10-20230718.pdf  |z Dokumentum-elérés